Catálogo
 En Linea

La escritura de Pedro Mir / (Registro nro. 45511)

Detalles MARC
000 -CABECERA
campo de control de longitud fija 00692nam a2200181 a 4500
001 - NÚMERO DE CONTROL
campo de control 000046022
005 - FECHA Y HORA DE LA ÚLTIMA TRANSACCIÓN
campo de control 20240228125930.0
008 - DATOS DE LONGITUD FIJA--INFORMACIÓN GENERAL
campo de control de longitud fija 150611s2014 dr 001 0 spa d
020 ## - NÚMERO INTERNACIONAL ESTÁNDAR DEL LIBRO
Número Internacional Estándar del Libro 978993469193
040 ## - FUENTE DE LA CATALOGACIÓN
Centro catalogador/agencia de origen DO-SdBNP
Lengua de catalogación spa
Centro/agencia transcriptor BNPHU
100 1# - ENTRADA PRINCIPAL--NOMBRE DE PERSONA
Nombre de persona Fornerín, Miguel Ángel,
Fechas asociadas al nombre 1960-
9 (RLIN) 22504
245 13 - MENCIÓN DE TÍTULO
Título La escritura de Pedro Mir /
Mención de responsabilidad, etc. Miguel Ángel Fornerín.
260 ## - PUBLICACIÓN, DISTRIBUCIÓN, ETC.
Lugar de publicación, distribución, etc. San Juan, Puerto Rico, :
Nombre del editor, distribuidor, etc. Centro de Estudios Avanzados de Puerto Rico y el Caribe,
Fecha de publicación, distribución, etc. 2014.
300 ## - DESCRIPCIÓN FÍSICA
Extensión 348 p. ;
Dimensiones 23 cm.
500 ## - NOTA GENERAL
Nota general Incluye referencias bibliográficas y notas al pie de las páginas
500 ## - NOTA GENERAL
Nota general Incluye datos biografícos del autor en la solapa de la cubierta
590 ## - NOTA LOCAL (RLIN)
Nota local Inventariado, 2019/VM
Existencias
Estado de retiro Estado de pérdida No para préstamo Código de colección Localización permanente Ubicación/localización actual Ubicación en estantería Fecha de adquisición Número de inventario Total de préstamos Signatura topográfica completa Código de barras Fecha visto por última vez Número de copia Precio válido a partir de Tipo de ítem Koha Restricciones de uso
    Excluido de préstamo Patrimonio Dominicano General General Depósito 11.06.2015 LF1   46022-10 25.06.2020 e. 2 25.06.2020 Libro y Folleto Colección Patrimonio Dominicano  
    Excluido de préstamo Patrimonio Dominicano General General Depósito 11.06.2015 LF1   46022-20 25.06.2020 e. 2 25.06.2020 Libro y Folleto Colección Patrimonio Dominicano  
      Dominicana de Servicio General General Depósito 11.06.2015 LF1   46022-30 25.06.2020 e. 3 25.06.2020 Libro y Folleto Colección Dominicana de Servicio  
      Dominicana de Servicio Patrimonio Dominicano Patrimonio Dominicano Depósito 04.04.2019 LF1   46022-40 25.06.2020 e. 4 25.06.2020 Libro y Folleto Colección Dominicana de Servicio  
      Dominicana de Servicio Patrimonio Dominicano Patrimonio Dominicano Depósito 04.04.2019 LF1   46022-50 25.06.2020 e. 5 25.06.2020 Libro y Folleto Colección Dominicana de Servicio  

Con tecnología Koha